| 000 | 00437nam a22001457a 4500 | ||
|---|---|---|---|
| 003 | OSt | ||
| 008 | 230221b |||||||| |||| 00| 0 eng d | ||
| 041 | _aeng | ||
| 082 |
_a894.812 3 _bGOR/PE |
||
| 100 |
_aGorky, Maxim _aഗോർക്കി , മാക്സിം _95397 |
||
| 245 |
_aPedichupoya manushyan _bപേടിച്ചുപോയ മനുഷ്യൻ |
||
| 260 |
_aThiruvananthapuram _c2023 |
||
| 300 | _a392 | ||
| 942 | _cBK | ||
| 999 |
_c17625 _d17625 |
||